000 00504nam a2200157 i 4500
001 84127
003 ES-MaACL
007 t|
008 041119s1921 sp ||||1| spa d
100 1 _aIzquierdo y Croselles, Juan.
_965749
245 1 0 _aCompendio de Historia general /
_cpor Juan Izquierdo y Croselles y Joaquín Izquierdo y Croselles.
260 _aGranada :
_bUrania,
_c1921.
300 _a2 v. :
_bil. ;
_c26 cm.
700 1 _aIzquierdo y Croselles, Joaquín.
_965748
852 _aES-MaACL
_jB-859-60
999 _c84127
_d84127